Platné právne predpisy pre knižnice a informačné strediská 1
Gespeichert in:
| 1. Verfasser: | |
|---|---|
| Format: | Buch |
| Sprache: | Slowakisch |
| Veröffentlicht: |
Bratislava
Slovenská technická knižnica
1983
|
| Tags: |
Keine Tags, Fügen Sie das erste Tag hinzu!
|
MARC
| LEADER | 00000nam a2200000 4500 | ||
|---|---|---|---|
| 001 | c115027 | ||
| 005 | 20041019155200.2 | ||
| 041 | 0 | |a slo | |
| 044 | |a SK | ||
| 245 | 1 | 0 | |a Platné právne predpisy pre knižnice a informačné strediská 1 |c Blahoslav Španiel |
| 264 | 1 | |a Bratislava |b Slovenská technická knižnica |c 1983 | |
| 300 | |a 228 s. | ||
| 100 | 1 | |a Španiel, Blahoslav | |